Provinces of the Abbasid Caliphate with a Map - Statistics

General Stats
  • This quiz has been taken 2,482 times
    1,873 since last reset
  • The average score is 16 of 45
Answers on the Map
Answers color-coded by a green-red scale on the quiz's map according to % correct below.
 
Answer Stats
Provinces % Correct
Egypt
95%
Cyprus
92%
Oman
90%
Yemen
90%
Crete
87%
Bilad Al-Sham
86%
Sicily
86%
Arminiya
82%
Fars
79%
Iraq
68%
Hejaz
63%
Azerbaijan
62%
Ifriqiya
52%
Sindh
44%
Barqa
39%
Khorasan
37%
Bahrain
36%
Bari
35%
Mosul
35%
Shirvan
27%
Multan
26%
Tokharistan
25%
Khwarazm
22%
Taranto
22%
Khuzestan
19%
Gilan
18%
Sistan
18%
Tiflis
18%
Transoxiana
18%
Kerman
17%
Al-Jazira
16%
Makran
13%
Brindisi
12%
Ghor
11%
Jibal
11%
Al-Yamama
10%
Arran
8%
Al-Awasim
5%
Bavands
4%
Hereti
4%
Kutama
4%
Nafusa
4%
Beylagan
3%
Qarinvands
3%
Taron
3%
No matching quizzes found
Score Distribution
Percent of People with Each Score
Percentile by Number Answered
Your Score History
You have not taken this quiz since the last reset